000 00692nam a2200181Ia 4500
008 151018s9999 xx 000 0 und d
082 _bRBASDV17597
_a891.463
100 _aमंदाकिनी आष्टीकर
245 _aतुटला धागा गळले माती
250 _b1
260 _bप्रिया प्रकाशन मुंबई
_c1981
300 _a219
600 _aमंदाकिनी आष्टीकर
630 _aतुटला धागा गळले माती
700 _aमंदाकिनी आष्टीकर
730 _aतुटला धागा गळले माती
942 _cBOOK
999 _c1018275
_d1018272